000
00296nam a22001337a 4500
008
170609b xxu||||| |||| 00| 0 eng d
020
_a
9780451232120
041
_a
eng
080
_a
94(4)
100
_a
18
101
_a
SHH
245
_a
BROTHERS RIVALS VICTORS
_c
JORDAN,J.W
942
_2
udc
_c
BK
999
_c
16780
_d
16780